Movies Quiz

Random Movies or Cast Quiz
Score 0/34 Timer 12:00
0 Plays Today
Matt and Friends Movie % Correct
Matt Damon, George Clooney, Brad PittOcean's 11
87.7%
Matt Damon, Robin Williams, Minnie DriverGood Will Hunting
84.6%
Matt Damon, Leonardo DiCaprio, Jack NicholsonThe Departed
72.8%
Matt Damon, George Clooney, Catherine Zeta JonesOcean's 12
65.4%
Matt Damon, George Clooney, Al PacinoOcean's 13
61.9%
Matt Damon, Franka Potente, Chris CooperThe Bourne Identity
61.5%
Matt Damon, Julia Stiles, David StrathairnThe Bourne Ultimatum
55%
Matt Damon, Gwyneth Paltrow, Jude LawThe Talented Mr. Ripley
52.9%
Matt Damon, Franka Potente, Joan AllenThe Bourne Supremacy
45%
Matt Damon, Tom Hanks, Edward BurnsSaving Private Ryan
43.2%
Matt Damon, Ben Affleck, Bud CortDogma
41%
Matt Damon, Morgan Freeman, Tony KgorogeInvictus
40.8%
Matt Damon, Jeff Bridges, Hailee SteinfeldTrue Grit
35.1%
Matt Damon, Jessica Chastain, Kristen WiigThe Martian
33.2%
Matt Damon, Will Smith, Charlize TheronThe Legend of Bagger Vance
33.2%
Matt Damon, Greg Kinnear, Eva MendesStuck on You
29.3%
Matt Damon, Edward Norton, John MalkovichRounders
28.3%
Matt and Friends Movie % Correct
Matt Damon, Emily Blunt, Lisa ThoresonThe Adjustment Bureau
26%
Matt Damon, George Clooney, Bill MurrayThe Monuments Men
25.8%
Matt Damon, Tian Jing, Willem DafoeThe Great Wall
25.3%
Matt Damon, Angelina Jolie, Robert De NiroThe Good Shepherd
25%
Matt Damon, Scarlett Johansson, Thomas Haden ChurchWe Bought a Zoo
24.8%
Matt Damon, Tommy Lee Jones, Alicia VikanderJason Bourne
23.8%
Matt Damon, Heath Ledger, Monica BellucciThe Brothers Grimm
23.4%
Matt Damon, Jodie Foster, Sharlto CopleyElysium
23.3%
Matt Damon, Lucas McHugh, Carroll Eddie JemisonThe Informant!
19.9%
Matt Damon, Greg Kinnear, Amy RyanGreen Zone
19%
Matt Damon, George Clooney, Amanda PeetSyriana
15.8%
Matt Damon, Henry Thomas, Penélope CruzAll the Pretty Horses
12.6%
Matt Damon, Kate Winslet, Jude LawContagion
11.7%
Matt Damon, Bill Pullman, John LeguizamoTitan A.E.
9.3%
Matt Damon, Cécile De France, Bryce Dallas HowardHereafter
8%
Matt Damon, Frances McDormand, John KrasinskiPromised Land
7.9%
Matt Damon, Anna Paquin, Mark RuffaloMargaret
5.3%

You're not logged in!

Compare scores with friends on all Sporcle quizzes.
OR
Log In

Sporcle TV

Today on Sporcle TV


Watch our educational content, quiz creation guides, and fun videos on Sporcle TV.

Show Comments

Extras

Top Quizzes Today


Score Distribution

Paid Content

Your Account Isn't Verified!

In order to create a playlist on Sporcle, you need to verify the email address you used during registration. Go to your Sporcle Settings to finish the process.

Report this User

Report this user for behavior that violates our Community Guidelines.

Details: